Dos pesos de agua
में बचाया:
| मुख्य लेखकों: | , , , |
|---|---|
| स्वरूप: | पुस्तक |
| भाषा: | स्पेनिश |
| प्रकाशित: |
s.l
s.n
1980
|
| श्रृंखला: | Cuadernillo Escolar, 5
|
| विषय: | |
| टैग: |
टैग जोड़ें
कोई टैग नहीं, इस रिकॉर्ड को टैग करने वाले पहले व्यक्ति बनें!
|
MARC
| LEADER | 00000nam a2200000 a 4500 | ||
|---|---|---|---|
| 001 | UCQ8081 | ||
| 003 | CL-VaPUC | ||
| 008 | 981127e19800000sl |||||||||||||||||spa|d | ||
| 082 | 0 | 4 | |a 808.83 |b BOS |2 21 |
| 100 | 0 | |a Bosch, Juan |e author |9 421938 | |
| 700 | |a Cortázar, Julio, |d 1914-1984 |e author |9 347319 | ||
| 700 | 0 | |a Rulfo, Juan |e author |9 318391 | |
| 700 | 0 | |a Blanco, Guillermo |e author |9 421939 | |
| 245 | 1 | 0 | |a Dos pesos de agua |
| 246 | 1 | 3 | |a La autopista del sur |
| 246 | 1 | 3 | |a El hombre |
| 246 | 1 | 3 | |a La espera |
| 300 | |a 44 p | ||
| 942 | |c BK | ||
| 945 | |d 19981127 00:00:00 |a cmena | ||
| 260 | |a s.l |b s.n |c 1980 | ||
| 600 | 0 | 7 | |a BOSCH Y GAVIÑO, JUAN EMILIO |2 CL-VaPUC |9 314664 |
| 650 | 0 | |a Cuentos hispanoamericanos |9 312389 | |
| 650 | 0 | |a Crítica e interpretación |9 255042 | |
| 650 | 0 | |a Biografías |9 255210 | |
| 583 | |a last modification |c 20180103 02:49:30 |k Rodrigo Vera | ||
| 490 | 0 | |a Cuadernillo Escolar, 5 | |
| 999 | |c 277437 |d 277435 | ||
| 952 | |0 0 |1 0 |4 0 |6 808_830000000000000_BOS_1980 |7 0 |8 A |9 315370 |a BIBEDU |b BIBEDU |d 2019-11-20 |i 1497049 |o 808.83 BOS 1980 |p 1497049 |r 2019-11-20 |w 2019-11-20 |y BK |k LIT | ||